000 00506pab a2200181 454500
008 180718b2014 xxu||||| |||| 00| 0 eng d
100 _aConley, John P.
245 _aThe research productivity of new PHDs in economics : The surprisingly high non-success of the successful
260 _c2014
300 _ap.205-216.
362 _aSummer
650 _aEconomics
650 _aResearch
700 _aOnder, Ali Sina
773 _aJournal of Economic Perspectives
908 _aN
909 _a105219
999 _c105214
_d105214